Organos de la Comunidad de Madrid (Record no. 15179)

MARC details
000 -LEADER
campo de control de longitud fija 00906nam a2200241 i 4500
001 - NÚMERO DE CONTROL
campo de control 15179
003 - IDENTIFICADOR DE NÚMERO DE CONTROL
campo de control ES-MaACL
005 - FECHA Y HORA DE LA ÚLTIMA TRANSACCIÓN
campo de control 20230906151017.0
007 - CAMPO FIJO DE DESCRIPCIÓN FÍSICA--INFORMACIÓN GENERAL
campo de control de longitud fija t|
008 - DATOS DE LONGITUD FIJA--INFORMACIÓN GENERAL
campo de control de longitud fija 000114s1999 sp ||||1| spa d
020 ## - NÚMERO INTERNACIONAL ESTÁNDAR DEL LIBRO
Número Internacional Estándar del Libro 84-451-1570-7
080 ## - NÚMERO DE LA CLASIFICACIÓN DECIMAL UNIVERSAL
Número de la Clasificación Decimal Universal 681.816.61(460.27)
245 00 - MENCIÓN DEL TÍTULO
Título Organos de la Comunidad de Madrid
Resto del título : siglos XVI a XX /
Mención de responsabilidad, etc. [textos, Louis Jambou ... et al.].
260 ## - PUBLICACIÓN, DISTRIBUCIÓN, ETC.
Lugar de publicación, distribución, etc. [Madrid] :
Nombre del editor, distribuidor, etc. Dirección General de Patrimonio Cultural, Comunidad de Madrid,
Fecha de publicación, distribución, etc. 1999.
300 ## - DESCRIPCIÓN FÍSICA
Extensión 396 p. :
Otras características físicas il. col. y n. ;
Dimensiones 26 cm.
490 1# - MENCIÓN DE SERIE
Mención de serie Guías de patrimonio histórico ;
Designación de volumen o secuencia 4
650 14 - PUNTO DE ACCESO ADICIONAL DE MATERIA--TÉRMINO DE MATERIA
Término de materia o nombre geográfico como elemento de entrada Organo-
Subdivisión geográfica Madrid (Comunidad Autónoma)
9 (RLIN) 15766
700 1# - ENTRADA AGREGADA--NOMBRE PERSONAL
Nombre de persona Jambou, Louis.
9 (RLIN) 65959
710 1# - ENTRADA AGREGADA--NOMBRE DE ENTIDAD CORPORATIVA
Nombre de entidad corporativa o nombre de jurisdicción como elemento de entrada Madrid (Comunidad Autónoma).
Unidad subordinada Dirección General de Patrimonio Cultural.
9 (RLIN) 5616
830 0# - PUNTO DE ACCESO ADICIONAL DE SERIE-TÍTULO UNIFORME
Título uniforme Guías de patrimonio histórico ;
Designación de volumen o secuencia 4
9 (RLIN) 228559
852 ## - LOCALIZACIÓN
Ubicación ES-MaACL
Número de control de estantería L-22381
Sublocalización o colección R.127518
Holdings
Estatus retirado Estado de pérdida Estado de daño No para préstamo Biblioteca de origen Biblioteca actual Ubicación en estantería Fecha de adquisición Fuente de adquisición Total de préstamos Signatura topográfica completa Código de barras Visto por última vez Precio de reemplazo Tipo de ítem Koha
        Biblioteca del Ateneo de Madrid Biblioteca del Ateneo de Madrid Depósito 2 17/01/2008     L-22381 1015435 23/02/2023 23/02/2023 Libro impreso